[Event "European Club Cup 2006"]
[Site "Fuegen AUT"]
[Date "2006.10.12"]
[Round "5.115"]
[White "Aabling Thomsen, Jakob"]
[Black "Bjornsson, Sverrir Orn"]
[Result "0-1"]
[WhiteElo "2276"]
[BlackElo "2067"]
[PlyCount "204"]
[EventDate "2006.10.08"]
[EventType "team"]
[EventRounds "7"]
[EventCountry "AUT"]
[Source "lmi"]
[SourceDate "2006.10.08"]

1. e4 Nf6 2. Nc3 e5 3. Bc4 Nc6 4. d3 Na5 5. Nf3 Nxc4 6. dxc4 Bb4 7. Qd3 d6 8.
Bd2 h6 9. a3 Bxc3 10. Bxc3 Nd7 11. Qe3 b6 12. O-O-O Qe7 13. g3 Bb7 14. Nd2
O-O-O 15. Rhe1 Kb8 16. f3 Rhf8 17. g4 Qg5 18. Nf1 Nc5 19. Bd2 Ne6 20. Qf2 Qf6
21. Ng3 Nf4 22. a4 Rh8 23. Kb1 g6 24. Bxf4 exf4 25. Ne2 h5 26. h3 hxg4 27. hxg4
Rh3 28. Rh1 Rdh8 29. Rxh3 Rxh3 30. Qg2 Qh4 31. Nxf4 Rh2 32. Qg1 Qf2 33. Qxf2
Rxf2 34. Rd3 Bxe4 35. Re3 Bxf3 36. g5 Bc6 37. Nd3 Rg2 38. Re7 Rxg5 39. Nb4 Kb7
40. Rxf7 Rg1+ 41. Ka2 g5 42. Rg7 g4 43. Nd3 g3 44. Nf4 Rf1 45. Ne6 g2 46. Nd8+
Kc8 47. Nxc6 g1=Q 48. Rxg1 Rxg1 49. Nxa7+ Kd7 50. Nb5 Rg4 51. Na3 Kc6 52. c3
Rh4 53. b4 Rh1 54. Nb5 Rf1 55. Kb2 Rf4 56. Kb3 Rh4 57. Nd4+ Kd7 58. Nf5 Rf4 59.
Ne3 c6 60. Nc2 Re4 61. Nd4 c5 62. Nb5 Re3 63. Kb2 Rh3 64. Kc2 Rh7 65. Kb3 Kc6
66. Na3 Rh3 67. Kb2 d5 68. cxd5+ Kxd5 69. Kb3 Rh4 70. bxc5 bxc5 71. Nc2 Kc6 72.
Ne3 Kb6 73. Nc4+ Ka6 74. Ne3 Kb7 75. Nc4 Kc6 76. Ne3 Kd7 77. Nc4 Ke6 78. Ne3
Ke5 79. Nc4+ Ke4 80. Nb6 Kd3 81. Nd7 Rh5 82. Nb6 Rh1 83. Nc4 Rb1+ 84. Nb2+ Kd2
85. Ka2 Kc2 86. Nd3 Rb8 87. Nxc5 Kxc3 88. Ka3 Kc4 89. Ne4 Rb3+ 90. Ka2 Kb4 91.
a5 Re3 92. Nd6 Re2+ 93. Kb1 Kxa5 94. Kc1 Kb4 95. Kd1 Re6 96. Nf5 Kc3 97. Ng3
Kd3 98. Kc1 Re5 99. Kb2 Ke3 100. Kc3 Rc5+ 101. Kb4 Rg5 102. Nf1+ Ke2 0-1

[Event "European Club Cup 2006"]
[Site "Fuegen AUT"]
[Date "2006.10.12"]
[Round "5.117"]
[White "Glek, Igor V"]
[Black "Baburin, Alexander"]
[Result "1/2-1/2"]
[WhiteElo "2538"]
[BlackElo "2541"]
[PlyCount "21"]
[EventDate "2006.10.08"]
[EventType "team"]
[EventRounds "7"]
[EventCountry "AUT"]
[Source "lmi"]
[SourceDate "2006.10.08"]

1. e4 Nf6 2. e5 Nd5 3. d4 d6 4. Nf3 Bg4 5. Be2 e6 6. O-O Be7 7. h3 Bh5 8. c4
Nb6 9. Nc3 O-O 10. Be3 a6 11. b3 1/2-1/2

[Event "European Club Cup 2006"]
[Site "Fuegen AUT"]
[Date "2006.10.12"]
[Round "5.118"]
[White "Heidenfeld, Mark"]
[Black "Berelovich, Aleksandar"]
[Result "1/2-1/2"]
[WhiteElo "2365"]
[BlackElo "2551"]
[PlyCount "50"]
[EventDate "2006.10.08"]
[EventType "team"]
[EventRounds "7"]
[EventCountry "AUT"]
[Source "lmi"]
[SourceDate "2006.10.08"]

1. e4 e6 2. d4 d5 3. Nc3 Bb4 4. Nge2 Nc6 5. a3 Ba5 6. Qd3 dxe4 7. Qxe4 Nf6 8.
Qh4 Ne7 9. Bg5 Nf5 10. Bxf6 Qxf6 11. Qxf6 gxf6 12. O-O-O Ke7 13. g3 Rd8 14. Bh3
Bxc3 15. Bxf5 Ba5 16. Be4 c6 17. c3 h6 18. Rhe1 e5 19. Bg2 Be6 20. f4 Bc7 21.
fxe5 fxe5 22. dxe5 Rxd1+ 23. Rxd1 Bxe5 24. Nd4 Bd7 25. Be4 Rd8 1/2-1/2

[Event "European Club Cup 2006"]
[Site "Fuegen AUT"]
[Date "2006.10.12"]
[Round "5.119"]
[White "Meessen, Rudolf"]
[Black "Mcphillips, Karl"]
[Result "1-0"]
[WhiteElo "2303"]
[BlackElo "2208"]
[PlyCount "55"]
[EventDate "2006.10.08"]
[EventType "team"]
[EventRounds "7"]
[EventCountry "AUT"]
[Source "lmi"]
[SourceDate "2006.10.08"]

1. e4 d5 2. exd5 Qxd5 3. Nf3 Bg4 4. Be2 Nc6 5. d4 e6 6. h3 Bh5 7. c4 Qa5+ 8.
Bd2 Bb4 9. g4 Bxd2+ 10. Nbxd2 Bg6 11. a3 Qb6 12. d5 Nd4 13. Qa4+ Kf8 14. Nxd4
Qxd4 15. Qb4+ Ne7 16. Qxb7 Re8 17. dxe6 h5 18. O-O-O hxg4 19. Bxg4 Kg8 20.
exf7+ Bxf7 21. Qxc7 Rh6 22. Bd7 Rf8 23. Rhe1 Rb6 24. Nb3 Qxf2 25. Rxe7 Rxb3 26.
Qe5 Rfb8 27. Be6 Bxe6 28. Qxg7# 1-0

[Event "European Club Cup 2006"]
[Site "Fuegen AUT"]
[Date "2006.10.12"]
[Round "5.120"]
[White "Keogh, Eamon"]
[Black "Marechal, Andy"]
[Result "0-1"]
[WhiteElo "2093"]
[BlackElo "2304"]
[PlyCount "86"]
[EventDate "2006.10.08"]
[EventType "team"]
[EventRounds "7"]
[EventCountry "AUT"]
[Source "lmi"]
[SourceDate "2006.10.08"]

1. e4 g6 2. d4 Bg7 3. f4 d5 4. exd5 Qxd5 5. Nf3 Nf6 6. c4 Qd8 7. Nc3 O-O 8. Be2
c5 9. d5 e6 10. O-O Na6 11. Qb3 exd5 12. cxd5 Nb4 13. Rd1 Bf5 14. Ne1 Ne4 15.
Nxe4 Bxe4 16. d6 Qb6 17. Be3 Nd5 18. Rxd5 Qxb3 19. axb3 Bxd5 20. Bxc5 Bxb3 21.
Bf3 Rac8 22. Bxa7 Ra8 23. Ra3 Rxa7 24. Rxb3 Bd4+ 25. Kf1 b6 26. Nc2 Bc5 27. Bc6
Bxd6 28. Rxb6 Bxf4 29. g3 Be5 30. Rb5 Bg7 31. b4 Rd8 32. Rd5 Rxd5 33. Bxd5 Rd7
34. Bc6 Rd2 35. Ne3 Rxh2 36. b5 Bd4 37. Nc4 Kg7 38. Bg2 Rh5 39. b6 Rf5+ 40. Ke1
Bf2+ 41. Kd1 Bxg3 42. b7 Rf2 43. Bd5 h5 0-1

[Event "European Club Cup 2006"]
[Site "Fuegen AUT"]
[Date "2006.10.12"]
[Round "5.125"]
[White "Cast, Abigail"]
[Black "Laurent, Bruno"]
[Result "0-1"]
[WhiteElo "2101"]
[BlackElo "2400"]
[PlyCount "66"]
[EventDate "2006.10.08"]
[EventType "team"]
[EventRounds "7"]
[EventCountry "AUT"]
[Source "lmi"]
[SourceDate "2006.10.08"]

1. d4 c5 2. c3 e6 3. Nf3 Nf6 4. Bg5 cxd4 5. cxd4 Qb6 6. Qc2 Nc6 7. Bxf6 gxf6 8.
e3 d5 9. Nc3 Bd7 10. Be2 Rc8 11. Rc1 Na5 12. O-O Be7 13. Rfd1 O-O 14. Nd2 Kh8
15. Nf1 f5 16. f3 Nc4 17. Bxc4 Rxc4 18. Qf2 Bf6 19. Ng3 f4 20. Nge2 fxe3 21.
Qxe3 Rg8 22. Kh1 Qxb2 23. Qf4 Rg6 24. Rb1 Qa3 25. Rxb7 e5 26. Qd2 Be6 27. Rdb1
exd4 28. Rb8+ Rg8 29. Qh6 Bg7 30. Rxg8+ Kxg8 31. Rb8+ Bc8 32. Nb5 Bxh6 33. Nxa3
Rc5 0-1

[Event "European Club Cup 2006"]
[Site "Fuegen AUT"]
[Date "2006.10.12"]
[Round "5.126"]
[White "Bergez, Luc"]
[Black "Saunders, Robert"]
[Result "1-0"]
[WhiteElo "2395"]
[BlackElo "2124"]
[PlyCount "43"]
[EventDate "2006.10.08"]
[EventType "team"]
[EventRounds "7"]
[EventCountry "AUT"]
[Source "lmi"]
[SourceDate "2006.10.08"]

1. e4 e5 2. Bc4 Nf6 3. d4 exd4 4. Nf3 Nc6 5. e5 d5 6. Bb5 Ne4 7. Nxd4 Bd7 8.
Bxc6 bxc6 9. O-O Bc5 10. Be3 Qh4 11. c3 Rb8 12. f3 Ng5 13. Nd2 Rxb2 14. N2b3
Bxd4 15. cxd4 Bh3 16. Bd2 Bf5 17. Qc1 Rxd2 18. Qxd2 O-O 19. Rac1 Rb8 20. Rxc6
Ne6 21. Ra6 g5 22. g3 1-0

[Event "European Club Cup 2006"]
[Site "Fuegen AUT"]
[Date "2006.10.12"]
[Round "5.130"]
[White "Gentilleau, Jean Philippe"]
[Black "Lehtivaara, Petri"]
[Result "0-1"]
[WhiteElo "2209"]
[BlackElo "2381"]
[PlyCount "60"]
[EventDate "2006.10.08"]
[EventType "team"]
[EventRounds "7"]
[EventCountry "AUT"]
[Source "lmi"]
[SourceDate "2006.10.08"]

1. e4 e5 2. Nf3 Nc6 3. Nc3 Nf6 4. d4 exd4 5. Nxd4 Bb4 6. Nxc6 bxc6 7. Bd3 d5 8.
exd5 cxd5 9. O-O O-O 10. Bg5 c6 11. Na4 Be7 12. c4 h6 13. Bh4 Be6 14. Rc1 Qa5
15. a3 dxc4 16. Bxc4 Rad8 17. Qb3 Rb8 18. Qc2 Bf5 19. Qe2 Rfe8 20. Qd1 Ne4 21.
b4 Qe5 22. Bxe7 Rxe7 23. Re1 Qf6 24. Qf3 Rbe8 25. Red1 Qg6 26. h3 Re5 27. Nc5
Nxc5 28. bxc5 Be4 29. Bxf7+ Qxf7 30. Qxf7+ Kxf7 0-1

[Event "European Club Cup 2006"]
[Site "Fuegen AUT"]
[Date "2006.10.12"]
[Round "5.131"]
[White "Pulkkinen, Kari"]
[Black "Lebel, Patrick"]
[Result "1-0"]
[WhiteElo "2328"]
[BlackElo "2149"]
[PlyCount "119"]
[EventDate "2006.10.08"]
[EventType "team"]
[EventRounds "7"]
[EventCountry "AUT"]
[Source "lmi"]
[SourceDate "2006.10.08"]

1. e4 b6 2. d4 Bb7 3. Bd3 e6 4. Nf3 d6 5. O-O Nd7 6. Qe2 g6 7. c4 Bg7 8. Nc3
Ne7 9. Be3 O-O 10. Rad1 h6 11. Ne1 a6 12. f4 c5 13. Nf3 Qc7 14. d5 exd5 15.
exd5 f5 16. Rfe1 Rae8 17. Qc2 Nf6 18. Kh1 Bc8 19. Bg1 Kh7 20. Re2 Bd7 21. Rde1
Neg8 22. a3 Rxe2 23. Rxe2 Re8 24. b4 Rxe2 25. Nxe2 Ne7 26. Ng3 Kg8 27. Bf2 Kf7
28. Be1 Qd8 29. Qb3 Nc8 30. bxc5 bxc5 31. Bc3 Qb6 32. Qc2 Ne7 33. h3 Qb8 34.
Nf1 Ne8 35. Ne3 Bxc3 36. Qxc3 Nf6 37. Kh2 Bc8 38. Nd2 Qb6 39. Be2 a5 40. g4 a4
41. Bd1 Bd7 42. g5 hxg5 43. fxg5 Ne8 44. h4 Qd8 45. Ng2 Nc8 46. Qh8 Qe7 47. Nf3
Qf8 48. Qb2 Qe7 49. h5 gxh5 50. Qh8 Ng7 51. Nf4 Qf8 52. Qh7 Ne7 53. Ne5+ Ke8
54. Nxd7 Kxd7 55. Bxa4+ Kc8 56. Qh6 Ng8 57. Qg6 h4 58. Bc2 Kb7 59. Kh3 Qe7 60.
Ne6 1-0

[Event "European Club Cup 2006"]
[Site "Fuegen AUT"]
[Date "2006.10.12"]
[Round "5.132"]
[White "Roussiere, Christophe"]
[Black "Tolonen, Mikko"]
[Result "1/2-1/2"]
[WhiteElo "2118"]
[BlackElo "2248"]
[PlyCount "126"]
[EventDate "2006.10.08"]
[EventType "team"]
[EventRounds "7"]
[EventCountry "AUT"]
[Source "lmi"]
[SourceDate "2006.10.08"]

1. e4 e6 2. d4 d5 3. Nc3 dxe4 4. Nxe4 Bd7 5. Nf3 Bc6 6. Bd3 Nd7 7. Qe2 Ngf6 8.
Bg5 Be7 9. Nxf6+ Bxf6 10. Bd2 Bxf3 11. Qxf3 Bxd4 12. Qxb7 Rb8 13. Qc6 Rxb2 14.
Rd1 Rb6 15. Qa4 Rd6 16. O-O O-O 17. Bb4 c5 18. Ba5 Nb6 19. Qb5 Qc7 20. Qb1 g6
21. h4 Rd5 22. c3 Bf6 23. Be4 Rxd1 24. Qxd1 Bxh4 25. g3 Bf6 26. Kg2 Rd8 27. Rh1
Rd6 28. Qc1 Bg7 29. Qg5 Rd7 30. Qh4 h6 31. Bf3 Rd2 32. a4 Qd7 33. Qf4 Kh7 34.
Be4 f5 35. Bf3 e5 36. Qe3 Nxa4 37. Ra1 Nb2 38. Bc7 e4 39. Be2 Rc2 40. Rxa7 Rxc3
41. Qf4 g5 42. Qd6 Qxd6 43. Bxd6 Nd3 44. Bf8 Rc2 45. Rxg7+ Kh8 46. Bxd3 exd3
47. Rd7 c4 48. Bxh6 d2 49. Bxg5 c3 50. Bf6+ Kg8 51. Bxc3 Rxc3 52. Rxd2 Kf7 53.
Rd6 Ra3 54. Rb6 Rc3 55. Rb4 Kg6 56. Rf4 Ra3 57. Kh3 Ra1 58. Kg2 Ra3 59. g4 fxg4
60. Rxg4+ Kf5 61. Rb4 Rc3 62. f3 Rc1 63. Kf2 Ra1 1/2-1/2

[Event "European Club Cup 2006"]
[Site "Fuegen AUT"]
[Date "2006.10.12"]
[Round "5.135"]
[White "Sahl, Bjarke"]
[Black "Hausrath, Daniel"]
[Result "1/2-1/2"]
[WhiteElo "2389"]
[BlackElo "2529"]
[PlyCount "42"]
[EventDate "2006.10.08"]
[EventType "team"]
[EventRounds "7"]
[EventCountry "AUT"]
[Source "lmi"]
[SourceDate "2006.10.08"]

1. e4 c5 2. Nf3 Nc6 3. d4 cxd4 4. Nxd4 Nf6 5. Nc3 e5 6. Nxc6 bxc6 7. f4 Qc7 8.
Qf3 Bb4 9. a3 Bxc3+ 10. Qxc3 exf4 11. Bd3 O-O 12. O-O d5 13. Bxf4 Qb6+ 14. Kh1
dxe4 15. Bc4 Nd5 16. Qg3 Nxf4 17. Qxf4 Ba6 18. Qxe4 Bxc4 19. Qxc4 Qd8 20. Qxc6
Rc8 21. Qa4 Rxc2 1/2-1/2

[Event "European Club Cup 2006"]
[Site "Fuegen AUT"]
[Date "2006.10.12"]
[Round "5.136"]
[White "Koerholz, Ludger"]
[Black "Ekeberg, Carl Fredrik"]
[Result "0-1"]
[WhiteElo "2280"]
[BlackElo "2334"]
[PlyCount "32"]
[EventDate "2006.10.08"]
[EventType "team"]
[EventRounds "7"]
[EventCountry "AUT"]
[Source "lmi"]
[SourceDate "2006.10.08"]

1. c4 c5 2. Nc3 Nc6 3. Nf3 g6 4. d4 cxd4 5. Nxd4 Bg7 6. Nc2 Bxc3+ 7. bxc3 Qa5
8. e4 Nf6 9. Qd3 d6 10. f4 Nxe4 11. Ne3 O-O 12. Bb2 Bf5 13. Qd5 Qb6 14. Nd1 a6
15. Be2 e6 16. c5 Qxb2 0-1

[Event "European Club Cup 2006"]
[Site "Fuegen AUT"]
[Date "2006.10.12"]
[Round "5.138"]
[White "Doison, Axel"]
[Black "Sahl, Sheila Barth"]
[Result "0-1"]
[WhiteElo "2031"]
[BlackElo "2192"]
[PlyCount "88"]
[EventDate "2006.10.08"]
[EventType "team"]
[EventRounds "7"]
[EventCountry "AUT"]
[Source "lmi"]
[SourceDate "2006.10.08"]

1. d4 d5 2. c4 c6 3. Nf3 Nf6 4. Nc3 dxc4 5. a4 Bf5 6. Ne5 Nbd7 7. Nxc4 Qc7 8.
f3 e5 9. dxe5 Nxe5 10. Nxe5 Qxe5 11. e4 Bc5 12. Bc4 O-O 13. Qe2 Be6 14. Bxe6
Qxe6 15. Be3 Bxe3 16. Qxe3 Nd5 17. Nxd5 cxd5 18. O-O Rfe8 19. Rfe1 dxe4 20.
fxe4 Qe5 21. Qf2 Re6 22. Rac1 b6 23. b3 Rae8 24. Rf1 Rf6 25. Qc2 Rxf1+ 26. Rxf1
Qxe4 27. Qxe4 Rxe4 28. Rc1 g6 29. Rc7 a5 30. Kf2 Kg7 31. Rc3 h5 32. Kf3 Rb4 33.
Re3 f5 34. Rd3 Kf6 35. Rd6+ Kf7 36. Rd3 Ke6 37. Ke3 Ke5 38. Kf3 g5 39. Ke3 f4+
40. Kf3 g4+ 41. Kf2 Rd4 42. Rc3 Rd2+ 43. Kf1 Rb2 44. h3 Kd4 0-1

[Event "European Club Cup 2006"]
[Site "Fuegen AUT"]
[Date "2006.10.12"]
[Round "5.147"]
[White "Shengelia, Davit"]
[Black "Cobb, Charles"]
[Result "1-0"]
[WhiteElo "2504"]
[BlackElo "2410"]
[PlyCount "121"]
[EventDate "2006.10.08"]
[EventType "team"]
[EventRounds "7"]
[EventCountry "AUT"]
[Source "lmi"]
[SourceDate "2006.10.08"]

1. d4 e6 2. c4 Nf6 3. Nf3 d5 4. e3 Be7 5. Nc3 O-O 6. a3 b6 7. cxd5 exd5 8. b4
Bb7 9. Bd3 Nbd7 10. O-O a6 11. Bb2 Bd6 12. Ne2 Re8 13. Ng3 g6 14. Rc1 Qe7 15.
Qc2 a5 16. b5 Rac8 17. Qa4 Ne4 18. Bb1 Ng5 19. Nd2 Nf6 20. Rfe1 Nfe4 21. Ndf1
Nxg3 22. hxg3 Ne4 23. Bxe4 dxe4 24. Nd2 Bd5 25. Nc4 Qe6 26. Rc3 Bxc4 27. Rxc4
Qd5 28. Rec1 Ra8 29. Rc6 Re7 30. R1c4 h5 31. Bc3 Rd8 32. Qb3 Kg7 33. a4 Rh8 34.
Bb2 h4 35. g4 Qg5 36. Qd1 h3 37. g3 Bxg3 38. fxg3 Qxe3+ 39. Kh1 Qxg3 40. d5+
Kh7 41. Rc2 e3 42. Rf6 e2 43. Rxe2 Qxg4 44. Rd2 Qg3 45. Rdf2 Rhe8 46. Rxf7+
Rxf7 47. Rxf7+ Kh6 48. Bg7+ Kg5 49. Bf6+ Kh6 50. Qd2+ Re3 51. Bd4 Qe1+ 52. Qxe1
Rxe1+ 53. Kh2 Re4 54. Bg7+ Kg5 55. Rxc7 Kg4 56. Rc2 Kf3 57. d6 Re6 58. Rd2 g5
59. d7 g4 60. d8=Q g3+ 61. Kxh3 1-0

[Event "European Club Cup 2006"]
[Site "Fuegen AUT"]
[Date "2006.10.12"]
[Round "5.148"]
[White "Cobb, James"]
[Black "Wittmann, Walter"]
[Result "1/2-1/2"]
[WhiteElo "2395"]
[BlackElo "2333"]
[PlyCount "42"]
[EventDate "2006.10.08"]
[EventType "team"]
[EventRounds "7"]
[EventCountry "AUT"]
[Source "lmi"]
[SourceDate "2006.10.08"]

1. d4 Nf6 2. Nf3 g6 3. g3 Bg7 4. Bg2 O-O 5. O-O d5 6. c4 dxc4 7. Na3 Nc6 8.
Nxc4 Be6 9. b3 Bd5 10. Bb2 a5 11. Rc1 a4 12. bxa4 Ra6 13. a3 Qa8 14. Ne3 Be4
15. Ne5 Bxg2 16. Nxg2 Rxa4 17. Nxc6 bxc6 18. Qc2 Rb8 19. Rb1 Ne8 20. Rfd1 Nd6
21. Ne3 e6 1/2-1/2

[Event "European Club Cup 2006"]
[Site "Fuegen AUT"]
[Date "2006.10.12"]
[Round "5.149"]
[White "Arwanitakis, Michael"]
[Black "Kett, Tim"]
[Result "1-0"]
[WhiteElo "2265"]
[BlackElo "2234"]
[PlyCount "81"]
[EventDate "2006.10.08"]
[EventType "team"]
[EventRounds "7"]
[EventCountry "AUT"]
[Source "lmi"]
[SourceDate "2006.10.08"]

1. g3 e5 2. c4 Nf6 3. Bg2 Nc6 4. d3 Bc5 5. Nc3 O-O 6. a3 a6 7. e3 d6 8. Nge2
Bg4 9. h3 Bh5 10. g4 Bg6 11. Ng3 Qd7 12. Ra2 Rab8 13. b3 b5 14. h4 bxc4 15.
bxc4 h6 16. g5 hxg5 17. hxg5 Nh7 18. Qa4 Rb6 19. Rb2 Nb8 20. Nge4 Rxb2 21. Bxb2
Qg4 22. Bh3 Qf3 23. Rh2 Bxe3 24. fxe3 Qxe3+ 25. Ne2 Qxd3 26. N4c3 Nxg5 27. Bg2
e4 28. Nd5 f6 29. Ndf4 Kf7 30. Nxg6 Qb1+ 31. Bc1 Kxg6 32. Qd1 Nd7 33. Nc3 Qb6
34. Qh5+ Kf5 35. Bxe4+ Ke5 36. Re2 Qg1+ 37. Kd2 Nc5 38. Bd3+ Kf4 39. Kc2+ Kg3
40. Re3+ Kf2 41. Qe2# 1-0

[Event "European Club Cup 2006"]
[Site "Fuegen AUT"]
[Date "2006.10.12"]
[Round "5.150"]
[White "Trevelyan, John"]
[Black "Wagner, Stephan"]
[Result "0-1"]
[WhiteElo "2228"]
[BlackElo "2231"]
[PlyCount "68"]
[EventDate "2006.10.08"]
[EventType "team"]
[EventRounds "7"]
[EventCountry "AUT"]
[Source "lmi"]
[SourceDate "2006.10.08"]

1. e4 d5 2. d3 Nc6 3. Nf3 dxe4 4. dxe4 Qxd1+ 5. Kxd1 Bg4 6. Be3 O-O-O+ 7. Kc1
Nf6 8. Nbd2 Bxf3 9. gxf3 e6 10. c3 a6 11. Kc2 Ne5 12. Be2 Be7 13. a4 Rhg8 14.
b4 g5 15. b5 axb5 16. axb5 b6 17. Ra7 Rde8 18. Rha1 Nh5 19. Nb3 Nf4 20. Bd1 Bd6
21. Nd4 Kd7 22. h4 Nc4 23. Nc6 f6 24. hxg5 Rxg5 25. Bxf4 Bxf4 26. Be2 Nd6 27.
e5 fxe5 28. Rh1 h5 29. Bd3 Rh8 30. Kd1 h4 31. Bf1 h3 32. Rxh3 Rxh3 33. Bxh3
Nxb5 34. Nb8+ Kc8 0-1

[Event "European Club Cup 2006"]
[Site "Fuegen AUT"]
[Date "2006.10.12"]
[Round "5.151"]
[White "Frank, Paul"]
[Black "Spice, Alan"]
[Result "0-1"]
[WhiteElo "2189"]
[BlackElo "2205"]
[PlyCount "64"]
[EventDate "2006.10.08"]
[EventType "team"]
[EventRounds "7"]
[EventCountry "AUT"]
[Source "lmi"]
[SourceDate "2006.10.08"]

1. d4 e6 2. h3 c5 3. Nf3 cxd4 4. Nxd4 Nc6 5. Nb3 d5 6. g4 Bd6 7. Bg2 Nge7 8.
Nc3 Ng6 9. Be3 O-O 10. Nb5 Be7 11. Rg1 a6 12. N5d4 Nxd4 13. Nxd4 Nh4 14. Bh1 e5
15. Nb3 Be6 16. c3 Rc8 17. Qd2 a5 18. Kf1 a4 19. Nc1 f5 20. gxf5 Nxf5 21. Bg5
Bxg5 22. Qxg5 Qc7 23. Nd3 h6 24. Qg6 Rce8 25. Ke1 e4 26. Nb4 a3 27. Kd2 Qf4+
28. Kc2 Qxf2 29. Rae1 Bf7 30. Rg2 Ne3+ 31. Kd2 Nc4+ 32. Kc2 Bxg6 0-1

[Event "European Club Cup 2006"]
[Site "Fuegen AUT"]
[Date "2006.10.12"]
[Round "5.153"]
[White "Jelling, Erik"]
[Black "Bujupi, Bajram"]
[Result "1/2-1/2"]
[WhiteElo "2393"]
[BlackElo "2227"]
[PlyCount "86"]
[EventDate "2006.10.08"]
[EventType "team"]
[EventRounds "7"]
[EventCountry "AUT"]
[Source "lmi"]
[SourceDate "2006.10.08"]

1. d4 Nf6 2. c4 e6 3. Nf3 c5 4. d5 exd5 5. cxd5 d6 6. Nc3 Bg4 7. e4 a6 8. a4 g6
9. Be2 Bxf3 10. Bxf3 Bg7 11. O-O O-O 12. Bf4 Ne8 13. Qd2 Nd7 14. Bg5 Bf6 15.
Bh6 Ng7 16. Be2 Re8 17. f4 Bd4+ 18. Kh1 Qa5 19. Bf3 Bf6 20. Rae1 c4 21. Qc2 Nc5
22. e5 dxe5 23. Ne4 Nxe4 24. Bxe4 exf4 25. Bxf4 Be5 26. Bd2 Qc7 27. g3 Rac8 28.
a5 Qd6 29. Re2 Nh5 30. Bf3 Nf6 31. Bg5 Nxd5 32. Rd2 Nb4 33. Rxd6 Nxc2 34. Rd7
Rc7 35. Rxc7 Bxc7 36. Bxb7 Bxa5 37. Bxa6 c3 38. bxc3 Bxc3 39. Bc4 Re1 40. Bxf7+
Kg7 41. Kg2 Rxf1 42. Kxf1 Be5 43. Be6 Bd6 1/2-1/2

[Event "European Club Cup 2006"]
[Site "Fuegen AUT"]
[Date "2006.10.12"]
[Round "5.154"]
[White "Makoli, Perparim"]
[Black "Christensen, Tobias"]
[Result "1-0"]
[WhiteElo "2246"]
[BlackElo "2349"]
[PlyCount "91"]
[EventDate "2006.10.08"]
[EventType "team"]
[EventRounds "7"]
[EventCountry "AUT"]
[Source "lmi"]
[SourceDate "2006.10.08"]

1. d4 g6 2. e4 Bg7 3. Nc3 c6 4. Nf3 d5 5. Be2 Bg4 6. Be3 dxe4 7. Nxe4 Nd7 8. h3
Bf5 9. Ng3 e6 10. Nxf5 gxf5 11. c3 Ngf6 12. Bf4 Qb6 13. Qc2 Nd5 14. Bd2 N7f6
15. O-O Ne4 16. Bc1 Qc7 17. Bd3 Nef6 18. Re1 O-O 19. Ne5 c5 20. dxc5 Qxc5 21.
Qe2 Rad8 22. Bc2 Nd7 23. Nd3 Qd6 24. Bg5 Rc8 25. Rad1 Qb6 26. Bb3 N7f6 27. c4
Ne4 28. Bc1 Ndf6 29. Be3 Qa5 30. f3 Nd6 31. Bd2 Qa6 32. Ne5 Rfd8 33. Bc3 Qb6+
34. Bd4 Qc7 35. c5 Nde8 36. Nxf7 Kxf7 37. Qxe6+ Kg6 38. Bc2 Rxd4 39. Bxf5+ Kh5
40. Rxd4 Qxc5 41. Qe3 Nd5 42. g4+ Kh4 43. Qf2+ Kg5 44. Re6 Qxd4 45. f4+ Nxf4
46. h4# 1-0

[Event "European Club Cup 2006"]
[Site "Fuegen AUT"]
[Date "2006.10.12"]
[Round "5.155"]
[White "Rasmussen, Casper"]
[Black "Murtez, Hondozi"]
[Result "1-0"]
[WhiteElo "2316"]
[BlackElo "2318"]
[PlyCount "103"]
[EventDate "2006.10.08"]
[EventType "team"]
[EventRounds "7"]
[EventCountry "AUT"]
[Source "lmi"]
[SourceDate "2006.10.08"]

1. c4 c5 2. g3 Nc6 3. Bg2 g6 4. Nc3 Bg7 5. a3 Nf6 6. Rb1 O-O 7. b4 cxb4 8. axb4
d6 9. Nh3 e5 10. d3 h6 11. b5 Nd4 12. O-O Ne6 13. e3 Qc7 14. f4 Nc5 15. Ba3 Rd8
16. Qd2 Rb8 17. Rfc1 b6 18. Nf2 Bb7 19. Bxb7 Qxb7 20. fxe5 dxe5 21. Bxc5 bxc5
22. e4 Rd6 23. Qe3 Rc8 24. Rc2 Nd7 25. Nd5 Kh7 26. Qf3 Nf8 27. Ng4 Ne6 28. Rf2
Ng5 29. Qg2 h5 30. h4 Ne6 31. Ngf6+ Kh8 32. Rbf1 Rf8 33. Qf3 Nd4 34. Qe3 Qc8
35. Ra2 a6 36. b6 Qb7 37. Rb2 a5 38. Qg5 Re6 39. g4 hxg4 40. h5 Bxf6 41. Qh6+
Kg8 42. Rxf6 Nf3+ 43. Kh1 gxh5 44. Rf2 a4 45. Ra2 Qa6 46. Rxe6 fxe6 47. Qg6+
Kh8 48. Qxh5+ Kg7 49. Qxg4+ Kf7 50. Qxf3+ Ke8 51. Nc7+ Kd7 52. Nxa6 1-0

[Event "European Club Cup 2006"]
[Site "Fuegen AUT"]
[Date "2006.10.12"]
[Round "5.159"]
[White "Goban, Marek"]
[Black "Scannell, Stephen"]
[Result "0-1"]
[WhiteElo "2148"]
[BlackElo "2157"]
[PlyCount "74"]
[EventDate "2006.10.08"]
[EventType "team"]
[EventRounds "7"]
[EventCountry "AUT"]
[Source "lmi"]
[SourceDate "2006.10.08"]

1. e4 c5 2. Nc3 Nc6 3. g3 g6 4. Bg2 Bg7 5. Nge2 e6 6. d3 Nge7 7. Be3 Nd4 8. O-O
O-O 9. f4 d6 10. Kh1 f5 11. Qd2 Rb8 12. Nd1 Nxe2 13. Qxe2 b5 14. e5 Bb7 15. d4
Bxg2+ 16. Qxg2 cxd4 17. Bxd4 dxe5 18. Bxa7 Ra8 19. Bc5 e4 20. c3 Rf7 21. Ne3
Nd5 22. Rfd1 Rd7 23. Qe2 Nxe3 24. Bxe3 Rxa2 25. Rxa2 Rxd1+ 26. Kg2 Rd3 27. Ra6
Qd5 28. Rb6 h5 29. Kh3 Bf6 30. Rb8+ Kh7 31. Rf8 Kg7 32. Rc8 Qb7 33. Rc5 Be7 34.
b4 Bxc5 35. Bxc5 Kf7 36. Qb2 e3 37. c4 Qf3 0-1

[Event "European Club Cup 2006"]
[Site "Fuegen AUT"]
[Date "2006.10.13"]
[Round "6.2"]
[White "Shirov, Alexei"]
[Black "Kasimdzhanov, Rustam"]
[Result "1/2-1/2"]
[WhiteElo "2720"]
[BlackElo "2672"]
[PlyCount "61"]
[EventDate "2006.10.08"]
[EventType "team"]
[EventRounds "7"]
[EventCountry "AUT"]
[Source "lmi"]
[SourceDate "2006.10.08"]

1. e4 e5 2. Nf3 Nc6 3. Bb5 a6 4. Ba4 Nf6 5. O-O Be7 6. Re1 b5 7. Bb3 O-O 8. c3
d6 9. h3 Na5 10. Bc2 c5 11. d4 Qc7 12. Nbd2 cxd4 13. cxd4 Rd8 14. Nf1 exd4 15.
Ng3 Nc6 16. Bb3 Be6 17. Nxd4 Nxd4 18. Qxd4 Nd7 19. Nh5 Nf6 20. Bxe6 fxe6 21.
Nf4 Kf7 22. Qe3 e5 23. Nd3 Rac8 24. Bd2 Qb7 25. b3 Kg8 26. Ba5 Rf8 27. Rad1 Rc2
28. Nb4 Rc5 29. Nd3 Rc2 30. Nb4 Rc5 31. Nd3 1/2-1/2

[Event "European Club Cup 2006"]
[Site "Fuegen AUT"]
[Date "2006.10.13"]
[Round "6.3"]
[White "Timofeev, Artyom"]
[Black "Akopian, Vladimir"]
[Result "1/2-1/2"]
[WhiteElo "2662"]
[BlackElo "2713"]
[PlyCount "45"]
[EventDate "2006.10.08"]
[EventType "team"]
[EventRounds "7"]
[EventCountry "AUT"]
[Source "lmi"]
[SourceDate "2006.10.08"]

1. e4 e6 2. d4 d5 3. Nd2 c5 4. exd5 Qxd5 5. Ngf3 cxd4 6. Bc4 Qd6 7. O-O Nf6 8.
Nb3 Nc6 9. Nbxd4 Nxd4 10. Nxd4 a6 11. Re1 Qc7 12. Qe2 Bd7 13. Bg5 O-O-O 14.
Rad1 Bb4 15. c3 Bd6 16. h3 Kb8 17. Bb3 h6 18. Be3 g5 19. Qf3 Bh2+ 20. Kh1 Bf4
21. Bxf4 gxf4 22. Qe2 Rhg8 23. Qe5 1/2-1/2